000 00749nam a22002297a 4500
005 20170124110013.0
010 _aA-584809
020 _c00.00
_a8171004644
035 _aA-584809
037 _bCen Lib/Ret
040 _aDPL
_bEN
082 _a344.01
_bVAI
100 _aVaidyanathan, N.
_911937
245 _aILO standards :
_cby N. Vaidyanathan
_bfor social justice and development of labour /
260 _aNew Delhi
_bDeep & Deep Publications
_c1992
270 _bNew Delhi
_aF-159, Rajouri Garden
_e110027
300 _axii, 296p.
_c20cm(Hb)
500 _aIncludes bibliographical references, appendix and index
650 _aSocial policy
_98412
650 _aLabor policy
_98652
942 _2ddc
_cEN
_h344.01
_mVAI
999 _c126701
_d126701